000
00230 a2200097 4500
001
33065
100
_a
Griffin,M.D
245
_a
Space Vehicle Design, 2nd Ed
260
_a
Virginia
_b
AIAA Educ Series
_c
2004
090
_c
22195
_d
22195
942
_a
NUST-CAE
_c
M
_c
13553
999
_c
268138
_d
268138